Administración de operaciones : (Registro nro. 31219)
[ vista simple ]
| 000 -LEADER | |
|---|---|
| fixed length control field | 01544cam a2200361 i 4500 |
| 001 - CONTROL NUMBER | |
| control field | 31219 |
| 003 - CONTROL NUMBER IDENTIFIER | |
| control field | Mx-PuUPA |
| 005 - DATE AND TIME OF LATEST TRANSACTION | |
| control field | 20260305130204.0 |
| 008 - FIXED-LENGTH DATA ELEMENTS--GENERAL INFORMATION | |
| fixed length control field | 140415s2009 mx ad gr 000 0 spa d |
| 020 ## - INTERNATIONAL STANDARD BOOK NUMBER | |
| International Standard Book Number | 9789701070277 |
| 040 ## - CATALOGING SOURCE | |
| Original cataloging agency | Mx-PuUPA |
| Language of cataloging | spa |
| Transcribing agency | Mx-PuUPA |
| Modifying agency | Mx-PuUPA |
| Description conventions | rda |
| 041 1# - LANGUAGE CODE | |
| Language code of text/sound track or separate title | spa |
| Language code of original | eng |
| 100 1# - MAIN ENTRY--PERSONAL NAME | |
| Personal name | Jacobs, F. Robert, |
| Relator term | autor |
| 9 (RLIN) | 101 |
| 240 10 - UNIFORM TITLE | |
| Uniform title | Operations and supply management. |
| Language of a work | Español |
| 245 10 - TITLE STATEMENT | |
| Title | Administración de operaciones : |
| Remainder of title | producción y cadena de suministros / |
| Statement of responsibility, etc. | Richard B. Chase, F. Robert Jacobs, Nicholas J. Aquilano ; traductores, Pilar Mascaraó Sacristán [y otro] |
| 250 ## - EDITION STATEMENT | |
| Edition statement | Duodécima edición |
| 264 #1 - PRODUCTION, PUBLICATION, DISTRIBUTION, MANUFACTURE, AND COPYRIGHT NOTICE | |
| Place of production, publication, distribution, manufacture | México, D. F. : |
| Name of producer, publisher, distributor, manufacturer | McGraw-Hill/Interamericana Editores, |
| Date of production, publication, distribution, manufacture, or copyright notice | ©2009 |
| 300 ## - PHYSICAL DESCRIPTION | |
| Extent | xx, 776 Páginas : |
| Other physical details | ilustraciones, gráficas, diagramas, tablas, |
| Dimensions | 27 cm |
| 336 ## - CONTENT TYPE | |
| Fuente | rdaconten |
| Content type term | texto |
| Content type code | txt |
| 337 ## - MEDIA TYPE | |
| Source | rdamedia |
| Media type term | sin medio |
| Media type code | n |
| 338 ## - CARRIER TYPE | |
| Carrier type term | volumen |
| Source | rdacarrier |
| Carrier type code | nc |
| 650 #7 - SUBJECT ADDED ENTRY--TOPICAL TERM | |
| Source of heading or term | armarc |
| Topical term or geographic name entry element | Administración de la producción |
| 650 #7 - SUBJECT ADDED ENTRY--TOPICAL TERM | |
| Source of heading or term | armarc |
| Topical term or geographic name entry element | Control de la producción |
| 650 #7 - SUBJECT ADDED ENTRY--TOPICAL TERM | |
| Source of heading or term | armarc |
| Topical term or geographic name entry element | Administración de empresas |
| 650 #7 - SUBJECT ADDED ENTRY--TOPICAL TERM | |
| Source of heading or term | armarc |
| Topical term or geographic name entry element | Planificación estratégica |
| 700 1# - ADDED ENTRY--PERSONAL NAME | |
| Personal name | Chase, Richard B., |
| Relator term | autor |
| 700 1# - ADDED ENTRY--PERSONAL NAME | |
| Personal name | Aquilano, Nicholas J., |
| Relator term | autor |
| 700 1# - ADDED ENTRY--PERSONAL NAME | |
| Personal name | Mascaraó Sacristán, Pilar, |
| Relator term | traductor |
| 765 0# - ORIGINAL LANGUAGE ENTRY | |
| Main entry heading | Jacobs, F. Robert, |
| Place, publisher, and date of publication | [Lugar de publicación no identificado] : The McGraw-Hill Companies, ©2009 |
| Title | Operations and supply management. |
| International Standard Book Number | 0077228936 |
| 942 ## - ADDED ENTRY ELEMENTS (KOHA) | |
| Source of classification or shelving scheme | Dewey Decimal Classification |
| Koha item type | Libro |
| Classification part | 658.5 |
| Item part | J1218 |
| Withdrawn status | Lost status | Source of classification or shelving scheme | Damaged status | Not for loan | Collection code | Home library | Current library | Shelving location | Date acquired | Source of acquisition | Total Checkouts | Full call number | Barcode | Date last seen | Price effective from | Koha item type |
|---|---|---|---|---|---|---|---|---|---|---|---|---|---|---|---|---|
| Dewey Decimal Classification | General | Tehuacán | Tehuacán | Sala general | 03/12/2013 | Compra | 658.5 J1218 2009 | 968000002883 | 10/03/2026 | 17/08/2016 | Libro |